Tailoring of optical and mechanical properties of high-entropy ceramic thin flms prepared by hipims sputtering; Перспективы развития фундаментальных наук; Т. 1 : Физика
| Parent link: | Курзина, И. А. (химик ; 1972-). Перспективы развития фундаментальных наук=Prospects of Fundamental Sciences Development: сборник научных трудов XX Международной конференции студентов, аспирантов и молодых ученых, г. Томск, 25-28 апреля 2023 г..— .— Томск: Изд-во ТПУ, 2023 Т. 1 : Физика.— 2023.— С. 427-429 |
|---|---|
| 1. Verfasser: | |
| Körperschaft: | |
| Weitere Verfasser: | , |
| Zusammenfassung: | Заглавие с экрана Был проведен синтез высокоэнтропийных тонких пленок Hf-Zr-Ce-Y-O и определены их оптические и механические свойства в зависимости от состава. Hf4Zr4CeY2O21 показывает до трех раз более высокую твердость по сравнению с двойным оксидом HfZrO4 и до 50 % более высокую твердость по сравнению с кубическими ZrO2 и HfO2. Эквимолярные пленки обладают высоким коэффициентом пропускания >85 % и твердостью до 20 ГПа Текстовый файл |
| Sprache: | Englisch |
| Veröffentlicht: |
2023
|
| Schlagworte: | |
| Online-Zugang: | http://earchive.tpu.ru/handle/11683/80851 |
| Format: | MixedMaterials Elektronisch Buchkapitel |
| KOHA link: | https://koha.lib.tpu.ru/cgi-bin/koha/opac-detail.pl?biblionumber=673917 |
MARC
| LEADER | 00000naa2a2200000 4500 | ||
|---|---|---|---|
| 001 | 673917 | ||
| 005 | 20241105105008.0 | ||
| 090 | |a 673917 | ||
| 100 | |a 20240802d2023 k||y0rusy50 ba | ||
| 101 | 0 | |a eng | |
| 102 | |a RU | ||
| 135 | |a drcn ---uucaa | ||
| 200 | 1 | |a Tailoring of optical and mechanical properties of high-entropy ceramic thin flms prepared by hipims sputtering |f V. A. Bulakh, A. S. Mitulinsky |g scientific supervisor S. P. Zenkin ; Engineering School of Nuclear Technology TPU |d Оптимизация оптико-механических свойств высокоэнтропийных пленок керамики, изготовленных методом hipims напыления |z rus | |
| 300 | |a Заглавие с экрана | ||
| 320 | |a Библиография: с. 429 | ||
| 330 | |a Был проведен синтез высокоэнтропийных тонких пленок Hf-Zr-Ce-Y-O и определены их оптические и механические свойства в зависимости от состава. Hf4Zr4CeY2O21 показывает до трех раз более высокую твердость по сравнению с двойным оксидом HfZrO4 и до 50 % более высокую твердость по сравнению с кубическими ZrO2 и HfO2. Эквимолярные пленки обладают высоким коэффициентом пропускания >85 % и твердостью до 20 ГПа | ||
| 336 | |a Текстовый файл | ||
| 461 | 1 | |0 636133 |t Перспективы развития фундаментальных наук |l Prospects of Fundamental Sciences Development |o сборник научных трудов XX Международной конференции студентов, аспирантов и молодых ученых, г. Томск, 25-28 апреля 2023 г. |d 2023 |9 636133 |a Курзина, И. А. (химик ; 1972-) |c Томск |n Изд-во ТПУ | |
| 463 | 1 | |0 669915 |t Т. 1 : Физика |v С. 427-429 |d 2023 |9 669915 |p 1 файл (75,9 MB, 442 с.) |u conference_tpu-2023-C21_V1.pdf |l Volume 1. Physics | |
| 610 | 1 | |a труды учёных ТПУ | |
| 610 | 1 | |a электронный ресурс | |
| 610 | 1 | |a thin films | |
| 610 | 1 | |a mechanical properties | |
| 610 | 1 | |a optical properties | |
| 610 | 1 | |a transmission coefficient | |
| 700 | 1 | |a Bulakh |b V. A. |c chemist |c Technician of Tomsk Polytechnic University |f 2002- |g Vlada Aleksandrovna |9 23056 | |
| 701 | 1 | |a Mitulinsky |b A. S. |c electric power specialist |c technician of Tomsk Polytechnic University |f 1998- |g Aleksandr Sergeevich |9 22706 | |
| 702 | 1 | |a Zenkin |b S. P. |c physicist |c Researcher of Tomsk Polytechnic University |f 1988- |g Sergey Petrovich |4 727 | |
| 712 | 0 | 2 | |a Национальный исследовательский Томский политехнический университет |b Инженерная школа ядерных технологий |b Отделение экспериментальной физики |9 28346 |
| 801 | 0 | |a RU |b 63413507 |c 20240802 |g RCR | |
| 856 | 4 | |z http://earchive.tpu.ru/handle/11683/80851 |u http://earchive.tpu.ru/handle/11683/80851 | |
| 942 | |c CF | ||